Despoesianudo : (Record no. 196951)
[ view plain ]
| 000 -LEADER | |
|---|---|
| campo de control de longitud fija | 01515nam a2200349 i 4500 |
| 001 - NÚMERO DE CONTROL | |
| campo de control | 196951 |
| 003 - IDENTIFICADOR DE NÚMERO DE CONTROL | |
| campo de control | ES-MaACL |
| 005 - FECHA Y HORA DE LA ÚLTIMA TRANSACCIÓN | |
| campo de control | 20250825062708.0 |
| 008 - DATOS DE LONGITUD FIJA--INFORMACIÓN GENERAL | |
| campo de control de longitud fija | 250225b2024 sp ||||| |||| 00| 0 spa d |
| 017 ## - NÚMERO DE COPYRIGHT O DE DEPÓSITO LEGAL | |
| Número de copyright o de depósito legal | Z 2190-2024 |
| Agencia que asigna | Oficina Depósito Legal Zaragoza |
| 040 ## - FUENTE DE CATALOGACIÓN | |
| Lengua de catalogación | spa |
| Centro/agencia transcriptor | ES-MaACL |
| 245 ## - MENCIÓN DEL TÍTULO | |
| Título | Despoesianudo : |
| Resto del título | poesía y performatividad. Propuesta poética de Manifiestas / |
| Mención de responsabilidad, etc. | Noelia Blesa, Teresa Martí Romaní y Alberto Monreal ; ilustrado por Ligia "Piwie" Gomadri ; fotografías de Lorena Cosba ; prólogo de Dani Romeo. |
| 260 ## - PUBLICACIÓN, DISTRIBUCIÓN, ETC. | |
| Lugar de publicación, distribución, etc. | Zaragoza : |
| Nombre del editor, distribuidor, etc. | La Madrina editorial, |
| Fecha de publicación, distribución, etc. | 2024. |
| 300 ## - DESCRIPCIÓN FÍSICA | |
| Extensión | 67 páginas ; |
| Dimensiones | 25 cm |
| 336 ## - TIPO DE CONTENIDO | |
| Fuente | rdacontent |
| Término de tipo de contenido | texto |
| 337 ## - TIPO DE MEDIO | |
| Fuente | rdamedia |
| Nombre/término del tipo de medio | sin mediación |
| 338 ## - TIPO DE SOPORTE | |
| Fuente | rdacarrier |
| Nombre/término del tipo de soporte | volumen |
| 655 #7 - TERMINO DE INDIZACIÓN--GENERO/FORMA | |
| Fuente del término | tgfbne |
| 9 (RLIN) | 176539 |
| Datos o término principal de género/forma | Poesías |
| 655 #7 - TERMINO DE INDIZACIÓN--GENERO/FORMA | |
| Fuente del término | tgfbne |
| Datos o término principal de género/forma | Libros ilustrados |
| 9 (RLIN) | 193653 |
| 700 1# - ENTRADA AGREGADA--NOMBRE PERSONAL | |
| Nombre de persona | Blesa, Noelia |
| Término indicativo de función/relación | Autor |
| 9 (RLIN) | 241702 |
| 700 1# - ENTRADA AGREGADA--NOMBRE PERSONAL | |
| Nombre de persona | Martí Romaní, Teresa |
| Término indicativo de función/relación | Autor |
| 9 (RLIN) | 241703 |
| 700 1# - ENTRADA AGREGADA--NOMBRE PERSONAL | |
| Nombre de persona | Monreal, Alberto |
| Término indicativo de función/relación | Autor |
| 9 (RLIN) | 241704 |
| 700 1# - ENTRADA AGREGADA--NOMBRE PERSONAL | |
| Nombre de persona | Gomadri, Ligia |
| Títulos y otros términos asociados al nombre | "Piwie" |
| Término indicativo de función/relación | Ilustrador |
| 9 (RLIN) | 241705 |
| 700 1# - ENTRADA AGREGADA--NOMBRE PERSONAL | |
| Nombre de persona | Cosba, Lorena |
| Término indicativo de función/relación | Fotógrafo |
| 9 (RLIN) | 241706 |
| 700 1# - ENTRADA AGREGADA--NOMBRE PERSONAL | |
| Nombre de persona | Romeo, Dani |
| Término indicativo de función/relación | Autor de introducción |
| 9 (RLIN) | 241707 |
| 852 ## - LOCALIZACIÓN | |
| Ubicación | ES-MaACL |
| Ubicación en estantería | Depósito J |
| Número de control de estantería | N-10389 |
| Anotaciones manuscritas | Dedicatoria autógrafa de Edén Tejón |
| Donativo/Legado | Donación: Edén Tejón Pérez |
| Encuadernación | Encuadernación rústica |
| itemnumber | 206511 |
| 903 ## - NOMBRE PERSONAL DE DONANTE | |
| a | Tejón Pérez, Edén |
| e | Donante |
| 9 | 241729 |
| 942 ## - ELEMENTOS DE ENTRADA SECUNDARIOS (KOHA) | |
| Tipo de ítem Koha | Libro impreso |
| Suprimir en OPAC | No |
| Estatus retirado | Estado de pérdida | Fuente del sistema de clasificación o colocación | Estado de daño | No para préstamo | Biblioteca de origen | Biblioteca actual | Ubicación en estantería | Fecha de adquisición | Fuente de adquisición | Total de préstamos | Signatura topográfica completa | Código de barras | Visto por última vez | Precio de reemplazo | Tipo de ítem Koha |
|---|---|---|---|---|---|---|---|---|---|---|---|---|---|---|---|
| Clasificación decimal universal | Biblioteca del Ateneo de Madrid | Biblioteca del Ateneo de Madrid | Depósito J | 10/08/2025 | Donación | N-10389 | 2025-0890 | 10/08/2025 | 10/08/2025 | Libro impreso |
